000 00428nam a2200193Ia 4500
001 14122
003 GE_BSU
008 181216s||||||||xx |||||||||||||| ||und||
020 _a0718144392
040 _cGE_BSU
080 _a641
100 _aOliver,Jamie
245 4 _aThe Return of the Naked Chef
260 _aLondon
260 _c2000
300 _a285p.ill.25cm.
653 _aThe Return of the Naked Chef
942 _cBK
999 _c47262
_d47262